| 000 | 00648nam a2200181 i 4500 | ||
|---|---|---|---|
| 001 | 39356 | ||
| 003 | ES-MaACL | ||
| 005 | 20230906155945.0 | ||
| 007 | t| | ||
| 008 | 030227s1960 sp ||||1| spa d | ||
| 100 | 1 |
_aCanal, José María. _934370 |
|
| 245 | 1 | 3 |
_aLa consagración a la Virgen y a su Corazón / _cJosé María Canal ; [introducción síntesis teológica por J. Mª Alonso]. |
| 260 |
_a[Madrid : _bCo. Cul], _c1960 ( _ePalencia : _fDiario Día) |
||
| 300 |
_a2 v. ; _c19 cm. |
||
| 505 | 8 | _aContiene: V. I: Historia. -- V. II: Teología y vivencia | |
| 700 | 1 |
_aAlonso, José María. _920216 |
|
| 852 |
_aES-MaACL _jC-21469-70 _bR.50025 |
||
| 999 |
_c39356 _d39356 |
||